000 00370nam a2200157Ia 4500
003 OSt
005 20240304114106.0
008 170524s9999 xx 000 0 und d
020 _a : ‎ 978-8183600750
040 _cIIMT UNIVERSITY
100 _aLakshminaryanan V
245 0 _aEngineering Graphics
260 _bNew delhi :Jain
260 _c2005
942 _2ddc
_c02
999 _c5456
_d5456